Tapestry

Uloženo v:
Podrobná bibliografie
Hlavní autor: Durr, William K.
Médium: Kniha
Jazyk:angličtina
Vydáno: Houghton Mifflin. 1978.
Témata:
Tagy: Přidat tag
Žádné tagy, Buďte první, kdo vytvoří štítek k tomuto záznamu!

MARC

LEADER 00000nam a22000005a 4500
001 6670
003 CL-ChBUA
005 20120815102953.0
008 070301s1978 xxu 000 0 eng
020 |a 0395204097 
040 |a CL-ChBUA  |c CL-ChBUA 
082 0 0 |a 677.64 
090 |c 6670  |d 6670 
100 1 |a Durr, William K. 
245 1 0 |a Tapestry 
260 |b Houghton Mifflin.  |c 1978. 
300 |a 312 p.  |c 24 cm. 
504 |a Indice. 
650 4 |a TAPICERIA. 
942 |c LIB 
952 |0 0  |1 0  |4 0  |7 0  |9 10058  |a UNACH  |b UNACH  |c 600  |d 2007-03-05  |i 23.885.  |l 0  |o 677.64 / T 172.  |p 11057  |r 2024-11-08 00:00:00  |u 10058  |w 2012-08-08  |y LIB  |k 677.64 / T 172. 
999 |c 6670  |d 6670